Desculpa! (Registo nº 4175)

Detalhes MARC
000 -Etiqueta do registo
Cabeçalho 00666nam0a2200241 4500
005 - Identificador da versão
Campo de controlo 20240813122054.0
010 ## - Número internacional normalizado dos livros (ISBN)
Número (ISBN) 9789727930913
100 ## - Dados gerais de processamento
Dados gerais de processamento 20170113d2009 b y0pory5003 ba
102 ## - Pais de publicação ou produção
País de publicação Portugal
101 1# - Língua de publicação
Língua do texto, banda sonora, etc. Português
Língua do documento no original Inglês
215 ## - Descrição física 
Indicação específica da natureza do documento e extensão da espécie [28] p.
Outras indicações físicas il. color
200 1# - Titulo e menção de responsabilidade
Título próprio Desculpa!
Primeira menção de responsabilidade Norbert Landa
Outras menções de responsabilidade il. Tim Warnes
210 ## - Publicação, Distribuição, etc. 
Lugar da edição, distribuição, etc. Estoril
Nome do editor, distribuidor, etc. Minutos de Leitura
Data da publicação, distribuição, etc. cop. 2009
300 ## - Notas gerais 
Texto da nota PNL
606 ## - Nome comum usado como assunto
Número de registo de entrada de autoridade 0001613
Palavra de ordem Literatura austríaca
Subdivisão de assunto Conto
Código do sistema CA
675 ## - Classificação Decimal Universal (CDU)
Notação 821.112.2(436)-34
Edição 3ª ed.
Língua da edição por
702 #1 - Nome de autor-pessoa física (responsabilidade secundária)
Número de registo de entrada de autoridade 0001615
Palavra de ordem Warnes
Outra parte do nome não tomada para palavra de ordem Tim
Código de função Ilustrador / Técnico de desenho computorizado
700 #1 - Nome de autor-pessoa física (responsabilidade principal)
Número de registo de entrada de autoridade 0001154
Palavra de ordem Landa
Outra parte do nome não tomada para palavra de ordem Norbert
966 ## - Identificação da Biblioteca
Sigla EBVEN
942 ## - Elementos de entrada adicionados (Koha)
Tipo de item no Koha Livro
Exemplares
Situação do levantamento Origin of item (home branch) (coded) Biblioteca de empréstimo Código de barras Cota Circulation type (not for loan) Tipo de documento Nota do exemplar Damaged status
  Biblioteca Escolar das Vendas Biblioteca Escolar das Vendas BEV2114 8EST LAN PNL   Livro Sem mensagem